Secret Country X Quiz Stats

Quiz Updated Jun 3, 2018

Also try: Secret Country IX
Challenge
Share
Tweet
Score 0/197 Timer 01:00
9 Plays Today
% Correct
Italy
86.7%
Russia
83%
France
81.8%
United States of America
81.6%
United Kingdom
80.4%
Germany
79.9%
Spain
79.8%
Egypt
78.7%
Turkey
77.4%
China
77.4%
Brazil
77.2%
Croatia
77.2%
Canada
76.4%
Austria
76.3%
Serbia
75.6%
India
75.5%
Morocco
75.5%
Switzerland
75.4%
Vatican City
75.4%
Australia
75.4%
Libya
75.3%
Mexico
75.2%
Poland
75.2%
Algeria
75.1%
Slovenia
75.1%
Chad
74.9%
San Marino
74.8%
Malta
74.7%
Romania
74.4%
South Africa
74.4%
Hungary
74.4%
Kosovo
74.3%
Iran
74.2%
Saudi Arabia
74.1%
Ukraine
74.1%
Portugal
74.1%
Israel
74%
Tunisia
73.9%
Albania
73.9%
Sudan
73.8%
Slovakia
73.6%
Niger
73.6%
Monaco
73.6%
Norway
73.6%
Montenegro
73.5%
Sweden
73.5%
Czechia
73.5%
Bosnia and Herzegovina
73.4%
Macedonia
73.2%
Bulgaria
73.2%
Cyprus
73.2%
Iceland
73.1%
Panama
73%
Iraq
72.9%
Ireland
72.9%
Mali
72.8%
Andorra
72.8%
Moldova
72.7%
Democratic Republic of the Congo
72.5%
Liechtenstein
72.5%
Belgium
72.4%
Finland
72.4%
Syria
72.3%
Japan
72.3%
Jordan
72.3%
Chile
72.3%
% Correct
Luxembourg
72.2%
Denmark
72.2%
Belarus
72.1%
Kenya
72.1%
Cuba
72.1%
Argentina
72.1%
Oman
72.1%
Ghana
72.1%
New Zealand
72%
Yemen
72%
United Arab Emirates
72%
Lebanon
71.9%
Peru
71.9%
Honduras
71.9%
Guatemala
71.8%
Costa Rica
71.8%
Nicaragua
71.8%
Nigeria
71.7%
Palestine
71.7%
Belize
71.7%
Netherlands
71.7%
Estonia
71.7%
Somalia
71.6%
Ethiopia
71.6%
Central African Republic
71.6%
Latvia
71.6%
Indonesia
71.5%
Mongolia
71.5%
Qatar
71.5%
Republic of the Congo
71.4%
Togo
71.5%
Colombia
71.4%
Fiji
71.4%
El Salvador
71.4%
Armenia
71.4%
Georgia
71.4%
Angola
71.3%
Senegal
71.3%
Jamaica
71.3%
Cote d'Ivoire
71.3%
Lithuania
71.3%
Madagascar
71.2%
Pakistan
71.2%
Bolivia
71.2%
Uganda
71.2%
Liberia
71.2%
Venezuela
71.2%
Ecuador
71.2%
Kuwait
71.2%
Haiti
71.2%
Uruguay
71.1%
Lesotho
71.1%
Benin
71.1%
Kazakhstan
71.1%
Rwanda
71.1%
Afghanistan
71.1%
Papua New Guinea
71.1%
Guinea
71.1%
Djibouti
71%
Paraguay
71.1%
Gabon
71%
South Sudan
71%
Cameroon
71%
Laos
71%
Thailand
71%
The Gambia
71%
% Correct
Tonga
71%
Eritrea
71%
Samoa
71%
Tuvalu
71%
Azerbaijan
71%
Malaysia
71%
Sierra Leone
71%
Vietnam
71%
Micronesia
71%
Vanuatu
71%
The Bahamas
71%
Philippines
71%
Dominica
70.9%
Namibia
71%
Palau
71%
Mauritania
70.9%
Nauru
70.9%
Kiribati
70.9%
Nepal
70.9%
Zimbabwe
70.9%
North Korea
70.9%
Tanzania
70.9%
Bahrain
70.9%
Maldives
70.9%
Singapore
70.9%
South Korea
70.9%
Zambia
70.9%
Botswana
70.9%
Guyana
70.9%
Suriname
70.9%
Marshall Islands
70.9%
Solomon Islands
70.9%
Barbados
70.9%
Uzbekistan
70.8%
Mozambique
70.8%
Timor-Leste
70.8%
Brunei
70.8%
Burkina Faso
70.8%
Malawi
70.8%
Sri Lanka
70.8%
Trinidad and Tobago
70.8%
Cabo Verde
70.8%
Cambodia
70.8%
Swaziland
70.8%
Myanmar
70.8%
Bhutan
70.8%
Saint Lucia
70.8%
Seychelles
70.8%
Dominican Republic
70.8%
Kyrgyzstan
70.8%
Saint Kitts and Nevis
70.8%
Burundi
70.8%
Turkmenistan
70.7%
Taiwan
70.7%
Comoros
70.7%
Grenada
70.7%
Bangladesh
70.7%
Mauritius
70.7%
Equatorial Guinea
70.7%
Tajikistan
70.7%
Antigua and Barbuda
70.7%
Sao Tome and Principe
70.7%
Saint Vincent and the Grenadines
70.7%
Guinea-Bissau
70.7%
Greece
70.6%

You're not logged in!

Compare scores with friends on all Sporcle quizzes.
Join for Free
OR
Log In

You Might Also Like...

Show Comments

Extras

Top Quizzes Today


Score Distribution

Your Account Isn't Verified!

In order to create a playlist on Sporcle, you need to verify the email address you used during registration. Go to your Sporcle Settings to finish the process.

Report this User

Report this user for behavior that violates our Community Guidelines.

Details: